Giáo trình nghe Hán ngữ hiện đại

Đã lưu trong:
Bibliografiske detaljer
Format: Bog
Tags: Tilføj Tag
Ingen Tags, Vær først til at tagge denne postø!
Thư viện lưu trữ: Mạng thư viện Đại học Đà Nẵng
LEADER 00414nam a22001691a 4500
001 000036905
003 13200
005 20160412014942.0
008 160412s0 000
082 |a 4H(07)416 
245 |a Giáo trình nghe Hán ngữ hiện đại 
OWN |a LNN 
999 |a From the UDN01 
TYP |a Monograph 
980 |a Mạng thư viện Đại học Đà Nẵng